000 00780nam a22002657a 4500
999 _c424007
_d424007
001 44119
003 UA-OsUOA
005 20191118142610.0
007 ta
008 20100216b un ||||| |||| 00| 0 ukr d
040 _aUA-OsUOA
_beng
_cUA-OsUOA
_dUA-OsUOA
041 _aeng
080 _a82-92(Публ.)
090 _a82-92(Публ.)
100 _aMelnitchenko E.
245 _aThe Road to Ukraine's Independence
_cEugene Melnitchenko
260 _c2010
300 _a157 p.
650 7 _a82 Література. Літературознавство
_2UDC
700 _aMann-Melnitchenko Helena
942 _cBK
_2udc
955 _a4